01618nam a2200373 a 4500001001000000003000500010005001700015008004100032010001100073011001100084040000900095090001000104100004900114245020400163260004100367500006000408502010200468590003700570590004000607590004000647650002500687650003100712650002800743650003000771700003900801856001600840856007000856901000700926942001000933942000600943999001900949952014000968952013601108000112369CHAP20220329144300.0160307s2016 mx a |sm |||||||spa d a108830 a109802 cCHAP aTesis1 aAguilar Pérez, Fernando de Jesús913061510aCaracterización de la eficiencia de un calentador solar plano bajo el efecto termosifón y circulación forzadah[En línea]cpor Fernando de Jesús Aguilar Pérez y Gamaliel Cabrera Galván. aChapingo, Méx. :bEl autor,c2016. aPara ver el contenido del material haga clic en la liga aTesis (Ingeniero Mecanico Agrícola) -- UACH. Departamento de Ingeniería Mecánica Agrícola aBATCHb00c20181121lUCH01h0758 aE5652GLJb05c20160307lUCH01h1002 aE5652GLJb05c20160307lUCH01h100214aCalentadores.91746914aColectores solares.92505114aEnergía solar.93691114aRadiación solar.9936781 aCabrera Galván, Gamaliel9130616 a1 n0000102 aFinding aiduhttp://10.13.5.2/tesis/sist112369.pdfzTeclea aquí aBK cTESIS n0 c108830d108830 00102local4053708TESISaBCbBCcPA_TESISd2016-03-07fTESISl0oTesisp33724002518040r2019-12-31 00:00:00tc.2w2019-12-31yTESIS 00104054718TESISaBCbBCd2016-03-07fTESISl0oTesisp33724002518082r2019-12-31 00:00:00w2019-12-31yTESISzRecien adquirido